MARC

LEADER 00000nas a2200000 i 4500
001 ssj0001454675
003 WaSeSS
005 20200512172242.0
006 m d
007 cr n
008 150320c20129999sp ar p s 0 0spa c
010 |a  2015254009 
022 |a 2255-3851  |l 2255-3851 
035 |a (WaSeSS)ssj0001454675 
040 |a CUS  |b eng  |e pn  |c CUS  |d OCLCF  |d AU@  |d WaSeSS 
041 0 |a spa  |a eng 
042 |a pcc 
050 1 4 |a HM487 
210 0 |a Sociol. hist. 
222 0 |a Sociología histórica 
245 0 0 |a Sociología histórica  |h [electronic resource]. 
246 1 |a SH 
246 1 |a Revista sociología histórica. 
260 |a [Murcia] :  |b [Departamento de Sociología y Trabajo Social, Universidad de Murcia],  |c 2012- 
310 |a Annual 
362 1 |a Began with Núm. 1 (2012). 
506 |a License restrictions may limit access. 
546 |a Text in Spanish or English. 
588 |a Description based on: Núm. 1 (2012); title from PDF running title (publisher's website, viewed March 12, 2015). 
588 |a Latest issue consulted: Núm. 4 (2014) (viewed January 23, 2015). 
650 0 |a Historical sociology  |v Periodicals. 
650 7 |a Historical sociology.  |2 fast  |0 (OCoLC)fst00958210 
655 0 |a Electronic journals. 
776 0 8 |i Print version:  |t Sociología histórica  |x 2340-7921 
856 4 0 |z Full text available from Research Library: 01/01/2014 to present  |u https://search.proquest.com/publication/2035784 
856 4 0 |z Full text available from PRISMA Database with HAPI Index: 01/01/2014 to 01/31/2016  |u https://search.proquest.com/publication/2036026